Remote Sensing and Geographical Information System (Record no. 5406)
[ view plain ]
| 000 -LEADER | |
|---|---|
| fixed length control field | 00379nam a2200145Ia 4500 |
| 008 - FIXED-LENGTH DATA ELEMENTS--GENERAL INFORMATION | |
| fixed length control field | 191201s2012 xx 000 0 und d |
| 082 ## - DEWEY DECIMAL CLASSIFICATION NUMBER | |
| Classification number | 621.3678 |
| Item number | CHR |
| 100 ## - MAIN ENTRY--PERSONAL NAME | |
| Personal name | CHANDRA, AM |
| 245 #0 - TITLE STATEMENT | |
| Title | Remote Sensing and Geographical Information System |
| 250 ## - EDITION STATEMENT | |
| Edition statement | Rep |
| 260 ## - PUBLICATION, DISTRIBUTION, ETC. (IMPRINT) | |
| Place of publication, distribution, etc | N. Delhi |
| Name of publisher, distributor, etc | Narosa Publication House |
| Date of publication, distribution, etc | 2012 |
| 300 ## - PHYSICAL DESCRIPTION | |
| Extent | 298 |
| 650 ## - SUBJECT ADDED ENTRY--TOPICAL TERM | |
| Topical term or geographic name as entry element | B.Tech(CE) |
| 942 ## - ADDED ENTRY ELEMENTS (KOHA) | |
| Source of classification or shelving scheme | Dewey Decimal Classification |
| Koha item type | Text Books |
| Withdrawn status | Lost status | Source of classification or shelving scheme | Damaged status | Not for loan | Collection code | Home library | Current library | Date acquired | Source of acquisition | Cost, normal purchase price | Bill Number | Total Checkouts | Full call number | Acc. no. / Barcode | Date last seen | Bill Date | Koha item type | Checked out | Date last borrowed |
|---|---|---|---|---|---|---|---|---|---|---|---|---|---|---|---|---|---|---|---|
| Dewey Decimal Classification | B.Tech(CE) | PIET C-LIBRARY | PIET C-LIBRARY | 17/07/2012 | IBH, New Delhi | 325.00 | 5685 | 621.3678 CHR | 20397 | 04/12/2019 | 14/07/2012 | Text Books | |||||||
| Dewey Decimal Classification | B.Tech(CE) | PIET C-LIBRARY | PIET C-LIBRARY | 17/07/2012 | IBH, New Delhi | 325.00 | 5685 | 621.3678 CHR | 20398 | 04/12/2019 | 14/07/2012 | Text Books | |||||||
| Dewey Decimal Classification | B.Tech(CE) | PIET C-LIBRARY | PIET C-LIBRARY | 17/07/2012 | IBH, New Delhi | 325.00 | 5685 | 621.3678 CHR | 20399 | 04/12/2019 | 14/07/2012 | Text Books | |||||||
| Dewey Decimal Classification | B.Tech(CE) | PIET C-LIBRARY | PIET C-LIBRARY | 17/07/2012 | IBH, New Delhi | 325.00 | 5685 | 1 | 621.3678 CHR | 20400 | 20/01/2022 | 14/07/2012 | Text Books | 19/07/2022 | 20/01/2022 | ||||
| Dewey Decimal Classification | B.Tech(CE) | PIET C-LIBRARY | PIET C-LIBRARY | 17/07/2012 | IBH, New Delhi | 325.00 | 5685 | 621.3678 CHR | 20401 | 04/12/2019 | 14/07/2012 | Text Books |